NUEVAYoL - Bad Bunny - Estadísticas

Estadísticas generales
  • Esta prueba ha sido intentada 98 veces
  • La puntuación promedio es 211 de 327
Estadísticas de respuestas
Hint Respuesta % Correcto
Nueva
100%
y
100%
yo
99%
Yo
99%
Si
97%
97%
97%
quiere'
96%
te
96%
divertir
95%
en
95%
tiene'
95%
tiene
95%
que
94%
quieres
94%
Solo
94%
tienes
94%
Un
94%
ve'
94%
con
92%
Con
92%
verano
92%
de
91%
De
91%
York
90%
York!
90%
a
88%
A
88%
julio
83%
PR
83%
4
82%
primo
81%
mi
79%
El
78%
el
78%
'el
78%
lo
78%
Lo
78%
vivir
77%
No
75%
no
75%
me
74%
Me
74%
encanto
73%
es
73%
la
73%
Yol!
73%
71%
Tu
71%
tu
71%
Ey
70%
ey
70%
las
70%
Los
70%
los
70%
primor
70%
se
70%
Ando
65%
ando
65%
borracho
65%
como
65%
hay
64%
july
64%
Bad
62%
Bunny
62%
nadie
58%
saben
57%
del
56%
mejor
56%
mío'
56%
por
56%
va
56%
confunda'
55%
eh
55%
rosita
55%
dembow?
53%
dembow
53%
Bronx
52%
casa
52%
quita
52%
siente
52%
blanco
51%
malo
51%
pop
51%
rey
51%
cerquita
49%
evita
49%
dicen
47%
ser
47%
dando
45%
palo'
45%
shot
45%
cuadro
44%
disco'
44%
Frida
44%
reggaeton
44%
Rico!
44%
rico
44%
sigo
44%
tusi
44%
move'
43%
perico
43%
buena
42%
estas
42%
estoy
42%
campeonato
40%
Khalo
40%
Porque
40%
también
40%
Vendiendo
40%
Washington
40%
Willie
40%
Colon
39%
flow
39%
high
39%
mami
39%
rulay
39%
Toñita
39%
bueno
38%
nos
38%
piquete
38%
cañita
36%
nota
36%
siento
35%
cien
34%
fue
34%
pasan
34%
año'
31%
escuche
31%
mover
31%
Cuando
30%
nací
30%
nació
30%
estadio
29%
la'o
29%
4th
27%
cuidao
27%
Shh
27%
mía
26%
silenciador
26%
Huelo
25%
in
25%
pesa'o
25%
adversario
23%
les
23%
ping-pong
23%
The
23%
the
23%
Big
22%
best
21%
correr
21%
gata'
21%
James
21%
otra
21%
robamo'
21%
sacamo'
21%
tengo
21%
world
21%
Yankee'
21%
Intro ¡Nueva
19%
Bond
18%
¿Cómo
16%
Juan
16%
Soto
16%
Met'
14%
Heights
13%
Lápiz
12%
Number
12%
one
12%
Pun
9%
Dough
5%
¡Puerto
5%
Capea
4%
¿okey?
4%
No se encontraron pruebas coincidentes
Distribución de puntuación
Porcentaje de gente con cada puntuación
Porcentaje por número respondido
Historial de tus puntuaciones
No has intentado esta prueba.